| 000 | 00886nam a2200229Ia 4500 | ||
|---|---|---|---|
| 001 | 9455 | ||
| 003 | GE_BSU | ||
| 008 | 181216s||||||||xx |||||||||||||| ||und|| | ||
| 040 | _cGE_BSU | ||
| 080 | _a82-93:821.353.1-32 | ||
| 100 | _aმრელაშვილი,ლადო | ||
| 245 | _aიყალთოელი ბიჭები | ||
| 245 | _bმოთხრობა საშუალო სასკ. ასაკის ბავშვთ. | ||
| 245 | _cრედ.ბ.კეშელავა.მხატვ. თ.სამსონაძე | ||
| 260 | _aთბილისი | ||
| 260 | _bნაკადული | ||
| 260 | _c1968 | ||
| 300 | _a274გვ.ილ.20სმ. | ||
| 653 | _aიყალთოელი ბიჭები | ||
| 653 | _aმოთხრობა საშუალო სასკ. ასაკის ბავშვთ. | ||
| 942 | _cBK | ||
| 999 |
_c42749 _d42749 |
||